01622nam a2200397Ia 4500001001200000003000800012006001900020007001500039008004100054010001700095020001800112020001500130040002100145035002100166050002400187245017700211260004800388300002600436490006500462504005100527533015200578600002300730650003000753650003400783650004200817650002900859655002900888700001800917700001800935700001900953700002300972710001700995830006901012856012601081999001701207ebr10255580CaPaEBRm u cr cn|||||||||020705s2001 njua sb 011 0 eng d z 2002284521 z9789810248659 z9810248652 aCaPaEBRcCaPaEBR a(OCoLC)64676841414aTA169b.S977 2001eb00aSystem and Bayesian reliabilityh[electronic resource] :bessays in honor of Professor Richard E. Barlow on his 70th birthday /ceditors, Yu Hayakawa, Telba Irony, Min Xie. aRiver Edge, NJ :bWorld Scientific,cc2001. axxvii, 409 p. :bill.1 aSeries on quality, reliability & engineering statistics ;v5 aIncludes bibliographical references and index. aElectronic reproduction.bPalo Alto, Calif. :cebrary,d2009.nAvailable via World Wide Web.nAccess may be limited to ebrary affiliated libraries.10aBarlow, Richard E. 0aReliability (Engineering) 0aSystem failures (Engineering) 0aBayesian statistical decision theory. 0aMathematical statistics. 7aElectronic books.2local1 aHayakawa, Yu.1 aIrony, Telba.1 aXie, M.q(Min)1 aBarlow, Richard E.2 aebrary, Inc. 0aSeries on quality, reliability & engineering statistics ;vv. 5.40uhttp://site.ebrary.com/lib/rucke/Doc?id=10255580zAn electronic book accessible through the World Wide Web; click to view c14277d14277